00394 a2200109 4500001001000000005001700010008004100027245011400068100002900182773005600211999001700267ART_4139420260410161754.0260409a 10aLa interpretación e integración de la ley tributaria y las sociedades civiles profesionales desaparecidas1 aFernández, Fernanda M.0 tDoctrina tributariag- Nº 445 (abr. 2017)wREV4296 c19961d19961